<?xml version="1.0" encoding="UTF-8"?>
<marc:record xmlns:marc="http://www.loc.gov/MARC21/slim">
   <marc:leader>00000nam a2200000 a 4500</marc:leader>
   <marc:datafield ind1="1" ind2=" " tag="100">
      <marc:subfield code="a">Riemann, Maud</marc:subfield>
   </marc:datafield>
   <marc:datafield ind1="1" ind2=" " tag="100">
      <marc:subfield code="a">L'atelier des bonnes idées</marc:subfield>
   </marc:datafield>
   <marc:datafield ind1="0" ind2="0" tag="245">
      <marc:subfield code="a">Das Spukschloss</marc:subfield>
   </marc:datafield>
   <marc:datafield ind1="0" ind2="0" tag="245">
      <marc:subfield code="b">Escape Game</marc:subfield>
   </marc:datafield>
   <marc:datafield ind1="0" ind2="0" tag="245">
      <marc:subfield code="c">L'atelier des bonnes idées ; Illustrator: Maud Riemann</marc:subfield>
   </marc:datafield>
   <marc:datafield ind1=" " ind2="1" tag="264">
      <marc:subfield code="a">Paris</marc:subfield>
      <marc:subfield code="b">Auzou</marc:subfield>
      <marc:subfield code="c">2022</marc:subfield>
   </marc:datafield>
   <marc:datafield ind1="1" ind2=" " tag="520">
      <marc:subfield code="a">Max und Hugo sind im Schloss Braunfels eingesperrt! Helft ihnen dabei, vor Mitternacht aus dem Schloss zu entkommen! Dazu müsst ihr die verschiedenen im Schloss verstecken Rätsel lösen. Aber lasst euch nicht zu viel Zeit, denn die Uhr tickt! Wenn ihr nicht schnell genug seid, riskiert ihr, dass Max und Hugo im Schloss eingesperrt bleiben ... und dann vom Gespenst von Wilhelm von Rehzelt heimgesucht werden!</marc:subfield>
   </marc:datafield>
   <marc:datafield ind1=" " ind2=" " tag="041">
      <marc:subfield code="a">ger</marc:subfield>
   </marc:datafield>
</marc:record>
